书目信息 |
| 题名: |
唐宋赞花名诗400首
|
|
| 作者: | 刘玉波 , 翟露 , 王丽华 选编 | |
| 分册: | ||
| 出版信息: | 海拉尔 内蒙古文化出版社 2009.06 |
|
| 页数: | 149页 | |
| 开本: | 20cm | |
| 丛书名: | ||
| 单 册: | ||
| 中图分类: | I222 | |
| 科图分类: | ||
| 主题词: | 古典诗歌--gu dian shi ge--作品集--中国--宋代 , 唐诗--tang shi--选集 | |
| 电子资源: | ||
| ISBN: | 978-7-80675-120-6 | |
| 000 | 00820nam0 2200265 450 | |
| 001 | CAL 012005040039 | |
| 005 | 20111226174320.12 | |
| 010 | @a978-7-80675-120-6@dCNY29.80 | |
| 100 | @a20111025d2009 em y0chiy0121 ea | |
| 101 | 0 | @achi |
| 102 | @aCN@b150000 | |
| 105 | @aa z 000gy | |
| 200 | 1 | @a唐宋赞花名诗400首@Atang song zan hua ming shi 400 shou@f翟露,王丽华,刘玉波选编 |
| 205 | @a第2版 | |
| 210 | @a海拉尔@c内蒙古文化出版社@d2009.06 | |
| 215 | @a149页@c图@d20cm | |
| 330 | @a本书收录了唐宋时期用于赞美鲜花的诗句。 | |
| 606 | 0 | @a古典诗歌@Agu dian shi ge@x作品集@y中国@z宋代 |
| 606 | 0 | @a唐诗@Atang shi@x选集 |
| 690 | @aI222@v5 | |
| 701 | 0 | @a刘玉波@Aliu yu bo@4选编 |
| 701 | 0 | @a翟露@Azhai lu@4选编 |
| 701 | 0 | @a王丽华@Awang li hua@4选编 |
| 801 | 0 | @aCN@c20111226 |
| 905 | @aZUCC@dI222@eZ047=2@f3 | |
| 唐宋赞花名诗400首/翟露,王丽华,刘玉波选编.-第2版.-海拉尔:内蒙古文化出版社,2009.06 |
| 149页:图;20cm |
| ISBN 978-7-80675-120-6:CNY29.80 |
| 本书收录了唐宋时期用于赞美鲜花的诗句。 |
| ● |
| 相关链接 |
|
|
|
正题名:唐宋赞花名诗400首
索取号:I222/Z047=2
 
预约/预借
| 序号 | 登录号 | 条形码 | 馆藏地/架位号 | 状态 | 备注 |
| 1 | 1069486 | 210694863 | 文学库108/108文学库 16排2列2层/ [索取号:I222/Z047=2] | 在馆 | |
| 2 | 1069487 | 210694872 | 文学库108/108文学库 16排2列2层/ [索取号:I222/Z047=2] | 在馆 | |
| 3 | 1069488 | 210694881 | 文学库108/108文学库 16排2列2层/ [索取号:I222/Z047=2] | 在馆 |